000 00776cam a22002412 4500
001 0000024142
005 20151021151150.0
008 130614s xx 000 0 eng d
020 _a0273754947 :
040 _aKABU
_cKABU
050 0 _aHF5667
_b.A74 2012
100 1 _aArens, Alvin A.
_@0000151728
245 1 0 _aAuditing and assurance services :
_ban integrated approach /
_cAlvin A. Arens, Randal J. Elder, Mark S. Beasley.
250 _a14th ed.
260 _aBoston :
_bPearson,
_cc2012.
300 _a870 p. +
_e1 CD-ROM.
650 0 _aAuditing.
_@0000151729
700 1 _aElder, Randal J.
_@0000151730
700 1 _aBeasley, Mark S.
_@0000151731
852 1 _9p2990 KES
908 _a130614
950 _@1
999 _c1386
_d1386